1479 1852 1467 1013 1693 1016 1507 1152 1948 1201 1399 1835 1435 1139 1902 1604 1879 1899 1006 1781 1825 1533 1413 1747 1625 1980 1304 1817 1877 1255 1004 1159 1314 1230 1971 1020 1809 1126 1237 1582 1821 1886 1376 1866 1660 1030 1980 1548 1248 1616 1789 1013 1189 1819 1012 1289 1963 1960 1878 1591 1947 1202 1812 1220 1528 1277 1472 1914 1431 1087 1132 1277 1551 1433 1063 1967 1645 1936 1919 1516 1993 1763 1084 1124 1409 1959 1589 1637 1473 1569 1093 1546 1705 1194 1638 1068 1503 1093 1508 BCNSPRNW ULIB Ver.6.0+V

เปลี่ยนเป็นภาษาไทย

Change to English
 แสดงรายละเอียดบรรณานุกรม
  กลับหน้าหลัก

Brief Record : Get Marc (ISO 2709) : E-mail record : QR code < ปิดหน้าต่าง
LEADER : 00000nam 2200000uu 4500
001    13399112008
003     ULIB
008    110721s2554||||th 000 0 tha d
020    9789743483165
060 04 WY32.JT3^bก118
245 00 กฏหมายวิชาชีพการพยาบาลและจรรยาบรรณวิชาชีพพยาบาล =^bL&E NR(Laws and ethics nursing review) /^cโดย เพื่อนช่วยจำ
246 31 L&E NR (Laws and ethics nursing review)
260    [ม.ป.ท. :^bม.ป.พ.],^c2554
300    202 หน้า ;^c26 ซม.
650  4 การพยาบาล^xกฏหมายและระเบียบข้อบังคับ
650  4 การพยาบาล^xคำถามและคำตอบ
650  4 การพยาบาล^xข้อสอบและเฉลย
650  4 จรรยาบรรณพยาบาล
700 0  เพื่อนช่วยจำ
945    ^p199^l0^i030331
945    ^p199^l0^i030332
945    ^p199^l0^i030333
945    ^p199^l0^i030334
945    ^p199^l0^i030335
945    ^p199^l0^i030336
945    ^p199^l0^i030337
945    ^p199^l0^i030338
945    ^p199^l0^i031038
945    ^p199^l0^i031039
945    ^p199^l0^i031040
995     เกษร
999 ^a ใช้งานได้ทุกระบบ
รายการนี้ยังไม่มีแท็ก
คุณยังไม่ได้ล็อกอิน คุณสามารถมีกิจกรรมร่วมกับเว็บไซต์ได้ แต่ต้องล็อกอินก่อน ::
  ล็อกอิน

รายการสื่อสารสนเทศ

ลำดับที่ ประเภท เลขเรียก/บาร์โค้ด สถานที่ สถานะ
- ไม่พบข้อมูล -

รายการใกล้เคียง
    หัวเรื่อง [จรรยาบรรณพยาบาล]

BibComment


ยังไม่เคยถูกคอมเมนท์

คอมเมนท์ทรัพยากรรายการนี้
  คอมเมนท์: กฏหมายวิชาชีพการพ..


 Copyright 2026. Bcnsprnw @Library